000 00669nam a2200277Ia 4500
005 20260324133626.0
008 008 260324s9999 xx 000 0 eng d
020 _a9781003555087
037 _aEBOOK
040 _aCRL
040 _beng
040 _cCRL
041 _2eng
041 _aeng
084 _qCRL
100 _aAntony Black
_91193786
245 0 _aChurch, State and Community: Historical and Comparative Perspectives
260 _bTaylor and Francis
260 _c2003
365 _a
365 _b280
856 _uhttp://www.taylorfrancis.com/books/9781003555087
942 _cEBOOK
999 _c1793038
_d1793038